Sports Quiz

Random Sports or City Quiz

Where Were They? (Big 4 Teams) Quiz Stats

Quiz Updated Apr 29, 2016

Challenge
Share
Tweet
Embed
Score 0/32 Timer 06:00
4 Plays Today
Team City % Correct
Los Angeles Dodgers in 1949Brooklyn
87.9%
Indianapolis Colts in 1973Baltimore
85.8%
San Francisco Giants in 1952New York
83.9%
Oakland Raiders in 1984Los Angeles
83.7%
Los Angeles Rams in 2003St. Louis
83.5%
Tennessee Titans in 1988Houston
83.2%
Washington Nationals in 1994Montréal
83%
Oklahoma City Thunder in 1981Seattle
82.3%
Los Angeles Lakers in 1950Minneapolis
78%
Arizona Cardinals in 1970St. Louis
76.7%
New York Yankees in 1901Baltimore
76.1%
Utah Jazz in 1974New Orleans
74.4%
Memphis Grizzlies in 1999Vancouver
73.3%
Dallas Stars in 1990Minnesota
69.9%
Atlanta Braves in 1945Boston
69%
Atlanta Braves in 1964Milwaukee
68.4%
Team City % Correct
Oakland Athletics in 1920Philadelphia
66.8%
Golden State Warriors in 1960Philadelphia
64.7%
Carolina Hurricanes in 1985Hartford
54.5%
Texas Rangers in 1970Washington
53.7%
Arizona Coyotes in 1992Winnipeg
51%
Colorado Avalanche in 1982Québec
50.5%
Minnesota Twins in 1947Washington
50.3%
Oakland Athletics in 1964Kansas City
48.9%
Calgary Flames in 1979Atlanta
47.2%
Brooklyn Nets in 1976New York
45%
Sacramento Kings in 1983Kansas City
44.9%
Milwaukee Brewers in 1969Seattle
43.3%
Baltimore Orioles in 1953St. Louis
33.5%
Los Angeles Clippers in 1977Buffalo
30.1%
Houston Rockets in 1968San Diego
22.6%
New Jersey Devils in 1975Kansas City
18.5%

You're not logged in!

Compare scores with friends on all Sporcle quizzes.
Sign Up with Email
OR
Log In

You Might Also Like...

Show Comments

Extras

Top Quizzes Today


Score Distribution

Your Account Isn't Verified!

In order to create a playlist on Sporcle, you need to verify the email address you used during registration. Go to your Sporcle Settings to finish the process.